| 000 | 02125cad a22003255a 4500 | ||
|---|---|---|---|
| 001 | L158701 | ||
| 008 | 131031s2015 xxk f f 001 0 eng d | ||
| 020 | _a9781783211067 | ||
| 035 | _a(Sirsi) u158701 | ||
| 041 | 0 | _aeng | |
| 050 | 0 | 4 | _a333.332 $2 18 |
| 110 | 2 |
_aRoyal Institution of Chartered Surveyors _94900 |
|
| 240 | 0 | 0 | _aRed Book |
| 245 | 0 | 0 |
_aRICS Valuation - Professional Standards _bglobal _bJanuary 2014 _h[electronic resource] _c[archived] |
| 260 |
_aLondon _bRICS _c2015 |
||
| 300 | _a117 p. | ||
| 490 | 0 | _aRICS Guidance Note | |
| 490 | 0 | _aRICS Valuation Standards | |
| 490 | 0 | _aRICS Professional Standards Global and UK | |
| 505 | 2 | _aIntroduction -- RICS glossary -- RICS professional standards -- RICS global valuation practice statements -- IVSC international valuation standards (IVS) 2013 -- RICS global valuation practice guidance - applications (VPGAs) -- Overview of changes made to the 2012 global valuation standards, appendices and guidance notes -- Index -- IVSC international valuation standards (IVS) 2013 | |
| 520 | _aThe June 2015 reprint of the global Valuation Standards incorporates the December 2013 correction, minor errata and an updated index. References only relevant to the UK portion have been removed and pages on other publications have been removed. Incorporating the IVSC International Valuation Standards. The RICS material included in this edition takes effect from 6 January 2014 and applies to all valuations where the valuation date is on or after that day. RICS also publishes a number of national standards and national guidance material. | ||
| 520 | _aReplaces global part of the RICS Red Book 2014 (L158006). | ||
| 520 | _aSuperseded by RICS Valuation - Global Standards 2017 (ISBN 9781783211968) | ||
| 650 | 2 | 4 | _aRICS VALUATION STANDARDS |
| 651 | 4 | _aInternational | |
| 690 |
_aValuation _96273 |
||
| 856 | 4 | 0 |
_uhttps://www.isurv.com/downloads/download/1976/red_book_uk_rics_valuation_%E2%80%93_professional_standards_january_2014_uk_revised_april_2015_archived _zArchived on isurv (subscription required) |
| 942 |
_n0 _2ddc |
||
| 999 |
_c115463 _d115463 |
||
| 490 | _aRICS Red Book | ||